| 000 | 00412pab a2200145 454500 | ||
|---|---|---|---|
| 008 | 180718b1995 xxu||||| |||| 00| 0 eng d | ||
| 100 | _aRossell, Christine H. | ||
| 245 |
_aControlled-choice desegregation plans _bnot enough choice, too much control? |
||
| 260 | _c1995 | ||
| 300 | _ap.43-76 | ||
| 362 | _aSep | ||
| 650 | _aEducation, primary - United States | ||
| 773 | _aUrban Affairs Review | ||
| 909 | _a29742 | ||
| 999 |
_c29742 _d29742 |
||